Türkiye tarihi III IV : (Record no. 15340)

MARC details
000 -BAŞLIK
Sabit Uzunlukta Kontrol Alanı 00692nam a22002057a 4500
999 ## - SİSTEM KONTROL NUMARALARI (KOHA)
Koha Biblionumber 15340
Koha Biblioitemnumber 15340
003 - KONTROL NUMARASI IDENTIFIER
Denetim Alanı MIRAKIL
005 - SON İŞLEM TARİHİ VE ZAMANI
Denetim Alanı 20240212173351.0
008 - SABİT-BOY VERİ ELEMANLARI - GENEL BİLGİLER
Sabit Uzunlukta Kontrol Alanı 240212b tu ||||| |||| 00| 0 tur d
040 ## - KATALOGLAMA KAYNAK
Orijinal Kataloglama Ajansı TR-AnCHP
Metne Dönüştürmek Ajansı TR-AnCHP
041 ## - DİL KODU
Metin / Ses Parça Veya Ayrı Başlığın Dil Kodu Türkçe
082 ## - DEWEY ONLU SINIFLANDIRMA NUMARASI
Sınıflandırma Numarası 956
Ürün Numarası S38t 1991
090 ## - SINIFLAMA NUMARASI
Sınıflama Numarası 956 S38t 1991 c. 3
100 ## - ANA GİRİŞ - KİŞİSEL İSİM
Kişisel Ad Sevim, Ali
Adının Fuller Formu (Prof. Dr.)
245 10 - BAŞLIK TABLOSU
Başlık Türkiye tarihi III IV :
Başlığın Kalan Osmanlı dönemi (1566-1730) /
Sorumluluk Tablosu, Vb Ali Sevim, Yaşar Yücel.
260 ## - YAYIN, DAĞITIM, VB
Yayın, Dağıtım, Vb Yeri Ankara :
Yayıncı, Dağıtıcı, Vs Adı Türk Tarih Kurumu,
Yayın, Dağıtım, Vb Tarihi 1991
300 ## - FİZİKSEL TANIM
Kapsam 276 s. :
Diğer Fiziksel Ayrıntıları fotoğ. ,
Boyutlar 26 cm.
650 #4 - KONU KATMA GİRİŞ - TOPİKAL DÖNEM
9 (RLIN) 1099
Topikal Süreli Veya Coğrafi Ad Giriş Elemanı Tarih
Genel Alt Bölümü Osmanlı
Kronolojik Alt Bölümü 1566-1730
856 ## - ELEKTRONİK YER VE ERİŞİM
Kamu Notu Dijital Nüshası için Partimizin Kütüphane Sorumlusu ile iletişime geçiniz.
942 ## - EKLENDİ GİRİŞ ELEMANLARI (KOHA)
Sınıflandırma Veya Raf Düzeni Kaynak Dewey Decimal Classification
Koha Öğesi Türü Books
Holdings
Kalıcı Konum Mevcut Konum Edinme Tarihi Toplam Check-Out'Lar Tam Çağrı Numarası Barkod Tarih Son Görülme İtibaren Geçerli Fiyatlar Koha Öğesi Türü
CHP Kütüphanesi CHP Kütüphanesi 02/12/2024   956 S38t 1991 20929 02/12/2024 02/12/2024 Books